00808cam a22002653a 45000010005000000030006000050050017000110080041000280400015000690420007000840500007000911000029000982450058001272600029001855000039002145060030002535160020002836530013003036530028003166530046003446530029003906530054004198300028004738560041005013012PGUSA20140828083024.0020101s2002||||xxu|||||s|||||000 | eng d aPGUSAbeng adc 4aPA1 aAristophanes,d-450--38814aThe Acharniansh[electronic resource] /cAristophanes bProject Gutenberg,c2002 aUniform title: Acharnians. English aPublic domain in the USA. aElectronic text aComedies aPeace treaties -- Drama aAristophanes -- Translations into English aAthens (Greece) -- Drama aGreek drama (Comedy) -- Translations into English 0aProject Gutenbergv301240uhttp://www.gutenberg.org/ebooks/3012